iPhone geekery : (رقم التسجيلة. 33050)

تفاصيل مارك
000 -الفاتح
حقل البيانات ثابتة الطول 00807cam a2200241 a 4500
001 - رقم الضبط
رقم الضبط 17317778
003 - محدد رقم الضبط
رقم الضبط OSt
005 - وقت وتاريخ اخر تعامل مع التسجيلة
رقم الضبط 20150408114202.0
008 - عناصر البيانات ثابتة الطول - معلومات عامة
حقل البيانات ثابتة الطول 120524s2012 nyua 000 0 eng
010 ## - رقم ضبط مكتبة الكونجرس
رقم ضبط مكتبة الكونجرس 2012018297
020 ## - الرقم الدولى المعيارى للكتب
الرقم الدولى المعيارى للكتاب 9780071798662 (alk. paper)
040 ## - مصدر الفهرسة
وكالة الفهرسة الأصلية DLC
وكالة النسخ DLC
وكالة التعديل DLC
050 00 - رقم طلب مكتبة الكونجرس
رقم التصنيف TK6570.M6
رقم المادة H2967 2012
082 00 - رقم تصنيف ديوى العشرى
رقم التصنيف 004.167
رقم الطبعة 23
رقم المادة HGI
100 1# - المدخل الرئيسى - إسم شخصى
الإسم الشخصى Hart-Davis, Guy.
245 10 - بيان العنوان
العنوان iPhone geekery :
بقية العنوان 50 insanely cool hacks and mods for your iPhone 4S /
بيان المسئوليه,etc Guy Hart-Davis.
260 ## - PUBLICATION, DISTRIBUTION, ETC. (IMPRINT)
مكان الناشر او الموزع New York :
اسم الناشر او الموزع McGraw-Hill,
تاريخ النشر أو التوزيع 2012.
300 ## - الوصف المادى
التعداد xiii, 274 p. :
تفاصيل ماديه اخرى للوعاء ill. ;
أبعاد الوعاء 24 cm.
650 #0 - المدخل الاضافى بالموضوع-مصطلح موضوعى
مصطلح موضوعي أو اسم جغرافي كعنصر مدخل iPhone (Smartphone)
9 (RLIN) 41843
906 ## - عنصر بيانات محلى F, LDF (RLIN)
a 7
b cbc
c orignew
d 1
e ecip
f 20
g y-gencatlg
942 ## - عناصر المدخل الإضافي( كوها)
مصدر التصنيف او مخطط الترفيف Dewey Decimal Classification
Koha [default] item type DVD
المقتنيات
حالة الفقد نموذج السعر الفعال حالة تلف ليس للاعارة رقم الطلب تاريخ الاكتساب الموقع الحالي الفرع الرئيسي Date last seen نوع المادة فى نظام كوها مصدر التصنيف او خطة الترفيف Total Checkouts
  2014-01-08     004.167 HGI 2014-01-08 المكتبة المركزية بالمجمعة (CL) المكتبة المركزية بالمجمعة (CL) 2014-01-08 كتاب Dewey Decimal Classification